Names in the Bible that start with 'J' - Statistics

General Stats
  • This quiz has been taken 256 times
    222 since last reset
  • The average score is 10 of 27
Answer Stats
Answer % Correct
John
94%
Jesus
78%
James
76%
Jacob
73%
Joseph
71%
Jeremiah
67%
Joshua
63%
Jonah
53%
Job
52%
Judas
51%
Jude
41%
Josiah
38%
Judah
37%
Joel
35%
Jezebel
30%
Jordan
27%
Jason
26%
Jesse
23%
Judith
19%
Joanna
12%
Jericho
11%
Jonathon
6%
Javan
1%
Jedidah
1%
Jakim
0%
Jasiel
0%
Jehiah
0%
No matching quizzes found
Score Distribution
Percent of People with Each Score
Percentile by Number Answered
Your Score History
You have not taken this quiz since the last reset